|
|
|
|
| LEADER |
00000nab a2200000 a 4500 |
| 001 |
vtls010593227 |
| 003 |
SK-MaSNL |
| 005 |
20260304233954.0 |
| 008 |
140424 2013 xo 000 b slo |
| 015 |
|
|
|a SNBRA 2012/09
|2 svkbbbg
|
| 038 |
|
|
|a SVKBBBG
|
| 040 |
|
|
|a SVKBBBG
|b slo
|c SVKBBBG
|e AACR2
|
| 041 |
1 |
|
|a slo
|g eng
|
| 044 |
|
|
|a xo
|c SK
|
| 072 |
|
7 |
|a 658
|x Riadenie a správa podniku
|2 konspekt
|
| 072 |
|
7 |
|a 502
|x Životné prostredie a jeho ochrana
|2 konspekt
|
| 080 |
|
|
|a 658.8.01
|2 2001
|
| 080 |
|
|
|a 502.13
|2 2001
|
| 100 |
1 |
|
|a Musová, Zdenka,
|d 1971-
|4 aut
|9 207960
|
| 245 |
1 |
0 |
|a Inovatívne prístupy v marketingovom manažmente
|c Zdenka Musová
|
| 504 |
|
|
|a Zoznam použitej literatúry
|
| 650 |
0 |
7 |
|a marketingový manažment
|2 SNKPH
|9 1715
|
| 650 |
0 |
7 |
|a environmentálny manažment
|2 SNKPH
|9 3638
|
| 650 |
0 |
7 |
|a spoločenská zodpovednosť podnikov
|2 SNKPH
|9 101025
|
| 773 |
0 |
|
|t Kultúrna inteligencia ako vyšší vývojový stupeň učiacej sa organizácie v rôznych kontextoch : zborník vedeckých štúdií z projektu VEGA 1/0781/11
|d Banská Bystrica : Ekonomická fakulta Univerzity Mateja Bela, 2013
|g S.73-86
|z 9788055705941
|
| 852 |
|
|
|a SVKBB
|b KIS3GCP
|
| 958 |
|
|
|a NB
|
| 999 |
|
|
|c 3201284
|d 3203214
|